Loading...
| Science - Biology | 0 | 9 | 1 | 2 | 85 | 22 | 73.22 | 4 | 8 | 0.00 | 0.00 |
| Fine Arts - Other | 0 | 6 | 0 | 1 | 60 | 71 | 113.17 | 0 | 5 | 0.00 | 0.00 |
| Mythology | 0 | 6 | 1 | 1 | 55 | 48 | 74.83 | 1 | 5 | 0.00 | 0.00 |
| Science - Chemistry | 0 | 6 | 1 | 0 | 55 | 61 | 88.00 | 1 | 2 | 0.00 | 0.00 |
| History - American | 0 | 5 | 1 | 0 | 45 | 62 | 79.60 | 0 | 3 | 0.00 | 0.00 |
| Fine Arts - Painting and Sculpture | 0 | 4 | 0 | 0 | 40 | 71 | 105.75 | 0 | 2 | 0.00 | 0.00 |
| History - Other | 0 | 5 | 2 | 1 | 40 | 59 | 96.60 | 1 | 4 | 0.00 | 0.00 |
| History - European | 0 | 4 | 1 | 1 | 35 | 104 | 125.00 | 0 | 2 | 0.00 | 0.00 |
| History - World | 0 | 3 | 0 | 3 | 30 | 117 | 124.67 | 0 | 1 | 0.00 | 0.00 |
| Literature - American | 0 | 3 | 0 | 1 | 30 | 111 | 132.00 | 0 | 0 | 0.00 | 0.00 |
| Science - Physics | 0 | 3 | 0 | 1 | 30 | 105 | 115.67 | 0 | 1 | 0.00 | 0.00 |
| Science - Other | 0 | 3 | 0 | 1 | 30 | 98 | 112.33 | 1 | 2 | 0.00 | 0.00 |
| Fine Arts - Classical Music | 0 | 3 | 0 | 0 | 30 | 111 | 111.33 | 0 | 1 | 0.00 | 0.00 |
| Social Science | 0 | 2 | 0 | 0 | 20 | 78 | 97.50 | 0 | 2 | 0.00 | 0.00 |
| Geography | 0 | 2 | 0 | 0 | 20 | 94 | 109.00 | 0 | 0 | 0.00 | 0.00 |
| Literature - British | 0 | 2 | 0 | 0 | 20 | 77 | 86.00 | 1 | 2 | 0.00 | 0.00 |
| Literature - World | 0 | 2 | 0 | 0 | 20 | 45 | 92.50 | 1 | 1 | 0.00 | 0.00 |
| Philosophy | 0 | 2 | 0 | 1 | 20 | 125 | 126.00 | 1 | 2 | 0.00 | 0.00 |
| Religion | 0 | 1 | 0 | 0 | 10 | 66 | 66.00 | 0 | 1 | 0.00 | 0.00 |
| Other Academic | 0 | 1 | 0 | 0 | 10 | 84 | 84.00 | 0 | 1 | 0.00 | 0.00 |
| Current Events | 0 | 1 | 0 | 1 | 10 | 129 | 129.00 | 0 | 0 | 0.00 | 0.00 |